Tiền tệ, ngân hàng, thị trường tài chính
Na minha lista:
| Autor principal: | |
|---|---|
| Formato: | Livro |
| Idioma: | Undetermined |
| Publicado em: |
Hà Nội
Thống Kê
2001
|
| Tags: |
Adicionar Tag
Sem tags, seja o primeiro a adicionar uma tag!
|
| Thư viện lưu trữ: | Trung tâm Học liệu Trường Đại học Cần Thơ |
|---|
| LEADER | 00488nam a2200157Ia 4500 | ||
|---|---|---|---|
| 001 | CTU_47225 | ||
| 008 | 210402s9999 xx 000 0 und d | ||
| 082 | |a 332.1 | ||
| 082 | |b T550 | ||
| 100 | |a Lê Văn Tư | ||
| 245 | 0 | |a Tiền tệ, ngân hàng, thị trường tài chính | |
| 245 | 0 | |c Lê Văn Tư, Lê Nam Hải, Lê Tùng Vân | |
| 260 | |a Hà Nội | ||
| 260 | |b Thống Kê | ||
| 260 | |c 2001 | ||
| 980 | |a Trung tâm Học liệu Trường Đại học Cần Thơ | ||